[Event "M.Botvinnik Memorial 2012"]
[Site "St. Petersburg, Russia"]
[Date "2012.08.26"]
[Round "2.23"]
[White "Lintchevski, Daniil"]
[Black "Khatoev, Eduard"]
[Result "1-0"]
[WhiteElo "2558"]
[BlackElo "2322"]
[PlyCount "85"]
[EventDate "2012.08.25"]

1. Nf3 d5 2. d4 Nf6 3. c4 e6 4. e3 c5 5. cxd5 exd5 6. Bb5+ Bd7 7. Bxd7+ Nbxd7
8. dxc5 Nxc5 9. O-O Be7 10. Bd2 O-O 11. Bc3 Nfe4 12. Bd4 Ne6 13. Nbd2 Nxd4 14.
Nxd4 Bf6 15. N2f3 Qb6 16. Qe2 Rac8 17. Rfd1 Rfe8 18. h3 Rc7 19. Rac1 Rec8 20.
Rxc7 Rxc7 21. Nb3 Nc5 22. Nxc5 Rxc5 23. b3 Qc7 24. Qd3 a5 25. a4 g6 26. g4 h6
27. Nd4 Rc1 28. Ne2 Rxd1+ 29. Qxd1 Qc5 30. Qd3 b6 31. Kg2 Qc6 32. Nf4 d4+ 33.
e4 Qc3 34. Qc4 Qe1 35. Qd5 Kg7 36. Nd3 Qe2 37. Ne5 Bxe5 38. Qxe5+ Kh7 39. Qxd4
Qc2 40. Qc4 Qxc4 41. bxc4 Kg7 42. e5 g5 43. Kf3 1-0

[Event "M.Botvinnik Memorial 2012"]
[Site "St. Petersburg, Russia"]
[Date "2012.08.26"]
[Round "2.24"]
[White "Molchanova, Tatjana"]
[Black "Popov, Valerij"]
[Result "0-1"]
[WhiteElo "2318"]
[BlackElo "2557"]
[PlyCount "64"]
[EventDate "2012.08.25"]

1. d4 d5 2. c4 e6 3. Nc3 c6 4. Nf3 dxc4 5. a4 Bb4 6. e3 b5 7. Bd2 a5 8. axb5
Bxc3 9. Bxc3 cxb5 10. b3 Bb7 11. d5 Nf6 12. bxc4 b4 13. Bxf6 Qxf6 14. Qa4+ Nd7
15. Nd4 e5 16. Nb3 Ke7 17. Be2 Rhc8 18. O-O Nc5 19. Nxc5 Rxc5 20. f4 e4 21. Qb3
Bc8 22. Qb1 Kd6 23. Qxe4 Bf5 24. Qf3 Re8 25. Rfe1 Be4 26. Qf1 Qc3 27. Bf3 b3
28. Bxe4 Rxe4 29. Rac1 Qb4 30. Qd3 Rcxc4 31. Kf2 a4 32. Rb1 b2 0-1

[Event "M.Botvinnik Memorial 2012"]
[Site "St. Petersburg, Russia"]
[Date "2012.08.26"]
[Round "2.25"]
[White "Onischuk, Vladimir"]
[Black "Barhudarian, Rafael"]
[Result "1-0"]
[WhiteElo "2547"]
[BlackElo "2320"]
[PlyCount "55"]
[EventDate "2012.08.25"]

1. e4 c5 2. Nf3 g6 3. d4 Bg7 4. Nc3 cxd4 5. Nxd4 Nc6 6. Nb3 Nf6 7. Be2 O-O 8.
O-O d6 9. Re1 Bd7 10. Bf1 Rc8 11. Nd5 Ne5 12. c3 b5 13. Bg5 Nxd5 14. exd5 Re8
15. Nd2 Qb6 16. h3 h6 17. Be3 Qb7 18. Qb3 Rc7 19. a4 bxa4 20. Qxb7 Rxb7 21. f4
Rxb2 22. fxe5 dxe5 23. Ne4 Bf5 24. Rxa4 Bxe4 25. Rxe4 Rd8 26. Rb4 Ra2 27. Rb7
Ra3 28. c4 1-0

[Event "M.Botvinnik Memorial 2012"]
[Site "St. Petersburg, Russia"]
[Date "2012.08.26"]
[Round "2.26"]
[White "Duzhakov, Ilya"]
[Black "Yevseev, Denis"]
[Result "1/2-1/2"]
[WhiteElo "2313"]
[BlackElo "2535"]
[PlyCount "106"]
[EventDate "2012.08.25"]

1. e4 c5 2. Nf3 Nc6 3. d4 cxd4 4. Nxd4 e5 5. Nb5 d6 6. c4 Be7 7. N1c3 a6 8. Na3
Nf6 9. g3 O-O 10. Bg2 b5 11. cxb5 Nd4 12. Be3 Nxb5 13. Naxb5 axb5 14. O-O Be6
15. Bg5 b4 16. Bxf6 bxc3 17. Bxe7 Qxe7 18. bxc3 Rxa2 19. Rxa2 Bxa2 20. Qa4 Be6
21. Qb4 Qc7 22. Rd1 Rd8 23. h4 h6 24. Rd2 Rb8 25. Qa3 Qc5 26. Qxc5 dxc5 27. Kh2
Rb3 28. Rd3 Rb2 29. Rd8+ Kh7 30. f4 Rc2 31. Rd3 Bc4 32. Rf3 h5 33. fxe5 g6 34.
Kg1 Kg7 35. Bh3 Re2 36. Bf1 Re1 37. Kg2 Bxf1+ 38. Rxf1 Rxe4 39. Rf6 Rxe5 40.
Rc6 Rf5 41. c4 f6 42. Rc7+ Kh6 43. Rc8 g5 44. hxg5+ Kxg5 45. Rg8+ Kh6 46. Rc8
Kg6 47. Rc7 Re5 48. Kf3 Kf5 49. Rc8 Ke6 50. Rc6+ Ke7 51. Kf4 Rg5 52. Kf3 Rf5+
53. Ke4 Re5+ 1/2-1/2

[Event "M.Botvinnik Memorial 2012"]
[Site "St. Petersburg, Russia"]
[Date "2012.08.26"]
[Round "2.27"]
[White "Myshkin, Nikita"]
[Black "Pridorozhni, Aleksei"]
[Result "0-1"]
[WhiteElo "2299"]
[BlackElo "2533"]
[PlyCount "96"]
[EventDate "2012.08.25"]

1. d4 Nf6 2. c4 g6 3. Nc3 Bg7 4. e4 d6 5. Be2 O-O 6. Nf3 c6 7. O-O a6 8. h3 b5
9. e5 Ne8 10. Bf4 Bb7 11. Qd2 Nd7 12. exd6 Nxd6 13. c5 Ne8 14. Bh6 Nc7 15. Rad1
Re8 16. Bxg7 Kxg7 17. a3 f6 18. Rfe1 Nf8 19. Bd3 Qd7 20. h4 h5 21. Be4 Nd5 22.
Nxd5 cxd5 23. Bb1 Qc7 24. Re3 Rad8 25. Rde1 Bc8 26. Nh2 e5 27. dxe5 fxe5 28.
Nf3 e4 29. Qd4+ Kh6 30. Ng5 Ne6 31. Nxe6 Bxe6 32. Rg3 Bg4 33. Rc3 Qg7 34. Qd2+
Kh7 35. c6 d4 36. c7 Rc8 37. Rc5 d3 38. Kh1 Qe7 39. Rg5 Qxc7 40. f3 Qg3 41.
fxg4 Qxh4+ 42. Kg1 e3 43. Rxh5+ Qxh5 44. Qxd3 Qxg4 45. Qd5 e2 46. Bd3 Rc7 47.
Qd6 Rd7 48. Bxg6+ Kg7 0-1

[Event "M.Botvinnik Memorial 2012"]
[Site "St. Petersburg, Russia"]
[Date "2012.08.26"]
[Round "2.28"]
[White "Ovetchkin, Roman"]
[Black "Shushpanov, Vladimir"]
[Result "1-0"]
[WhiteElo "2526"]
[BlackElo "2318"]
[PlyCount "71"]
[EventDate "2012.08.25"]

1. d4 d5 2. c4 dxc4 3. e3 g6 4. Bxc4 Bg7 5. Qb3 Nh6 6. Nf3 O-O 7. O-O Nf5 8.
Bd3 b6 9. Qc2 Nd6 10. e4 Ba6 11. Bxa6 Nxa6 12. Rd1 Qc8 13. e5 Nf5 14. Qe4 e6
15. Nc3 c6 16. h4 Nb4 17. h5 Re8 18. hxg6 fxg6 19. Bg5 Nd5 20. Rac1 Qd7 21.
Nxd5 cxd5 22. Qd3 Rac8 23. Qa6 Bh6 24. Rxc8 Rxc8 25. g4 Bxg5 26. gxf5 Bf4 27.
f6 Rc2 28. Ne1 Rc4 29. b3 Rc7 30. Nd3 g5 31. Nxf4 gxf4 32. Qe2 Qf7 33. Kh2 Kh8
34. Rg1 Qf8 35. Qh5 Rc2 36. Rg7 1-0

[Event "M.Botvinnik Memorial 2012"]
[Site "St. Petersburg, Russia"]
[Date "2012.08.26"]
[Round "2.29"]
[White "Baryshpolets, Andrey"]
[Black "Polyaninov, Aleksey"]
[Result "1-0"]
[WhiteElo "2513"]
[BlackElo "2316"]
[PlyCount "61"]
[EventDate "2012.08.25"]

1. d4 Nf6 2. c4 g6 3. Nf3 Bg7 4. g3 O-O 5. Bg2 c6 6. O-O d5 7. b3 c5 8. Bb2 Nc6
9. Nbd2 dxc4 10. Nxc4 Be6 11. Rc1 Bxc4 12. Rxc4 Nd7 13. d5 Bxb2 14. dxc6 Nb6
15. cxb7 Rb8 16. Rc2 Bf6 17. Nd2 Nd5 18. Ne4 e6 19. Nxc5 Qe7 20. e3 Nc3 21. Qf3
Nd5 22. a3 a5 23. Rfc1 Kg7 24. Qe2 Be5 25. Qb5 Rfd8 26. Qxa5 Bc7 27. Qb5 Bb6
28. Bxd5 Bxc5 29. Qxc5 Qxc5 30. Rxc5 exd5 31. Rc7 1-0

[Event "M.Botvinnik Memorial 2012"]
[Site "St. Petersburg, Russia"]
[Date "2012.08.26"]
[Round "2.30"]
[White "Palachev, Petr"]
[Black "Levin, Evgeny A"]
[Result "1/2-1/2"]
[WhiteElo "2290"]
[BlackElo "2512"]
[PlyCount "115"]
[EventDate "2012.08.25"]

1. d4 Nf6 2. c4 g6 3. Nc3 Bg7 4. e4 d6 5. f3 O-O 6. Be3 a6 7. Bd3 c5 8. Nge2
Nc6 9. d5 Ne5 10. O-O e6 11. dxe6 fxe6 12. b3 b6 13. Bc2 Bb7 14. Qd2 d5 15.
cxd5 exd5 16. Nxd5 Nxd5 17. exd5 Qxd5 18. Qxd5+ Bxd5 19. Nf4 Bf7 20. Be4 Rae8
21. h3 Nc6 22. Rad1 Nd4 23. Rfe1 Rd8 24. Rc1 Rfe8 25. Ne2 a5 26. Nxd4 Bxd4 27.
Kf2 Kg7 28. h4 Re7 29. Bxd4+ Rxd4 30. Red1 Red7 31. Ke2 Kf6 32. g3 Be6 33. Rxd4
Rxd4 34. Rc3 Ke5 35. Re3 Kd6 36. Rd3 a4 37. Rxd4+ cxd4 38. bxa4 Bxa2 39. Bd3
Kc5 40. h5 Bf7 41. hxg6 hxg6 42. f4 Kb4 43. Kd2 Kxa4 44. g4 Kb4 45. g5 Kc5 46.
f5 gxf5 47. Bxf5 Bg8 48. g6 Kd6 49. Kd3 Ke5 50. Bd7 Bd5 51. g7 Be4+ 52. Kc4 Bh7
53. Kb5 d3 54. Kxb6 Kf6 55. Kc5 Kxg7 56. Kd4 d2 57. Ba4 Kf6 58. Ke3 1/2-1/2

[Event "M.Botvinnik Memorial 2012"]
[Site "St. Petersburg, Russia"]
[Date "2012.08.26"]
[Round "2.31"]
[White "Belozerov, Andrei"]
[Black "Bazeev, German"]
[Result "1-0"]
[WhiteElo "2504"]
[BlackElo "2308"]
[PlyCount "73"]
[EventDate "2012.08.25"]

1. c4 Nf6 2. Nc3 e6 3. e4 d5 4. e5 Ne4 5. Nf3 c5 6. cxd5 Nxc3 7. dxc3 exd5 8.
Bg5 Qb6 9. Qxd5 Be6 10. Qd2 Nc6 11. O-O-O h6 12. Bc4 Ne7 13. Be3 Nf5 14. Bxe6
Qxe6 15. Qd3 Nxe3 16. Qb5+ Qc6 17. Qxc6+ bxc6 18. fxe3 Be7 19. Kc2 h5 20. Nd2
Kd7 21. Nc4+ Ke6 22. Rd2 Rad8 23. Rhd1 Rd5 24. e4 Rxd2+ 25. Rxd2 Rh6 26. Kb3
Rh8 27. Na5 Rb8+ 28. Kc4 Rb6 29. Nb3 Ra6 30. Nxc5+ Bxc5 31. Kxc5 Rxa2 32. Kxc6
Kxe5 33. c4 a5 34. Rd5+ Kxe4 35. Rb5 a4 36. c5 a3 37. bxa3 1-0

[Event "M.Botvinnik Memorial 2012"]
[Site "St. Petersburg, Russia"]
[Date "2012.08.26"]
[Round "2.32"]
[White "Solovyov, Viktor"]
[Black "Rogozenco, Dorian"]
[Result "0-1"]
[WhiteElo "2278"]
[BlackElo "2504"]
[PlyCount "79"]
[EventDate "2012.08.25"]

1. Nf3 d5 2. d4 Nf6 3. c4 c6 4. Qc2 g6 5. Bf4 Bg7 6. e3 O-O 7. Nc3 c5 8. dxc5
Qa5 9. Rd1 dxc4 10. Bxc4 Qxc5 11. Qe2 Bg4 12. h3 Bxf3 13. gxf3 Nh5 14. Bh2 Qf5
15. Qd3 Qxh3 16. Ke2 Nc6 17. Qd7 Qxd7 18. Rxd7 Bxc3 19. bxc3 Rac8 20. Bb3 b6
21. Rc1 Rfd8 22. Rb7 Nf6 23. Rd1 Rxd1 24. Kxd1 Rd8+ 25. Ke2 Rd7 26. Rxd7 Nxd7
27. Ba4 Ncb8 28. Kd3 a6 29. Kd4 e6 30. c4 h5 31. Bd6 Kg7 32. Bg3 f6 33. e4 g5
34. Bh2 h4 35. Kc3 e5 36. Kb4 Kf7 37. Bxd7 Nxd7 38. a4 Ke6 39. a5 Kd6 40. axb6
0-1

[Event "M.Botvinnik Memorial 2012"]
[Site "St. Petersburg, Russia"]
[Date "2012.08.26"]
[Round "2.33"]
[White "Neverov, Valeriy"]
[Black "Khakimov, Timur"]
[Result "1-0"]
[WhiteElo "2502"]
[BlackElo "2298"]
[PlyCount "65"]
[EventDate "2012.08.25"]

1. Nf3 c5 2. g3 Nc6 3. Bg2 Nf6 4. O-O d5 5. d4 e6 6. c4 Be7 7. cxd5 exd5 8. Nc3
O-O 9. dxc5 Bxc5 10. Bg5 d4 11. Bxf6 Qxf6 12. Nd5 Qd8 13. Nd2 Re8 14. Rc1 Bf8
15. Nb3 Bh3 16. Bxh3 Qxd5 17. Bg2 Qd7 18. Qd2 Rad8 19. Rfd1 Qg4 20. Bf3 Qg6 21.
Qd3 Qf6 22. Bxc6 bxc6 23. Rc4 Qe5 24. Rd2 c5 25. Rdc2 Rd5 26. Qf3 Re6 27. Nc1
Rf6 28. Nd3 Qd6 29. Qg2 Rdf5 30. Rxc5 Rxc5 31. Rxc5 Qe6 32. Rc2 Qxa2 33. Qa8
1-0

[Event "M.Botvinnik Memorial 2012"]
[Site "St. Petersburg, Russia"]
[Date "2012.08.26"]
[Round "2.34"]
[White "Krivonos, Nikolay"]
[Black "Kabanov, Nikolai"]
[Result "0-1"]
[WhiteElo "2258"]
[BlackElo "2501"]
[PlyCount "120"]
[EventDate "2012.08.25"]

1. c4 g6 2. Nc3 Bg7 3. d4 d6 4. Nf3 Nd7 5. g3 e5 6. e4 exd4 7. Nxd4 Ne7 8. Bg2
Nc6 9. Nxc6 bxc6 10. O-O O-O 11. Qc2 a5 12. Rb1 Re8 13. b3 Nc5 14. Be3 Ne6 15.
Rbd1 Bd7 16. Rfe1 c5 17. e5 Bxe5 18. Bxa8 Qxa8 19. Nd5 a4 20. Qd3 axb3 21. axb3
Qb7 22. h4 c6 23. Nf4 Nd4 24. Bxd4 cxd4 25. Qf3 h5 26. Rd2 Bg4 27. Qe4 Re7 28.
Qb1 Bxf4 29. gxf4 c5 30. Rxe7 Qxe7 31. Qd3 Qxh4 32. Ra2 Qe7 33. f3 Be6 34. Qe4
Kg7 35. Rg2 Qf6 36. Ra2 Qh4 37. Rg2 Qf6 38. Ra2 Kh6 39. Rg2 Bf5 40. Qe8 d3 41.
Qe3 Qc3 42. Kh2 Kg7 43. Qg1 Qxb3 44. Qa1+ Kh7 45. Qf6 Qxc4 46. Qxd6 Qc3 47. Ra2
Be6 48. Ra8 Qd2+ 49. Kg3 Qe1+ 50. Kg2 Qe2+ 51. Kg1 d2 52. Rd8 Qe1+ 53. Kg2 h4
54. Qxd2 Bh3+ 55. Kh2 Qg3+ 56. Kh1 Qxf3+ 57. Kh2 Qg3+ 58. Kh1 Bg4 59. Rd3 Bf3+
60. Rxf3 Qxf3+ 0-1

[Event "M.Botvinnik Memorial 2012"]
[Site "St. Petersburg, Russia"]
[Date "2012.08.26"]
[Round "2.35"]
[White "Rozum, Ivan"]
[Black "Martynov, Pavel"]
[Result "1-0"]
[WhiteElo "2500"]
[BlackElo "2289"]
[PlyCount "103"]
[EventDate "2012.08.25"]

1. d4 d5 2. c4 c6 3. Nf3 Nf6 4. e3 a6 5. Bd3 Bg4 6. Nbd2 e6 7. O-O Nbd7 8. Qc2
dxc4 9. Nxc4 Bxf3 10. gxf3 c5 11. dxc5 Bxc5 12. f4 Rc8 13. Qe2 Qc7 14. Bd2 b5
15. Na5 O-O 16. b4 Bd6 17. a4 e5 18. axb5 exf4 19. bxa6 f3 20. Qxf3 Ne5 21. Qf5
Nxd3 22. Qxd3 Rcd8 23. Qe2 Bxh2+ 24. Kg2 Ne4 25. Rfd1 Rd6 26. f4 Qd7 27. Nc4
Rg6+ 28. Kxh2 Rh6+ 29. Kg1 Qh3 30. Qg2 Rg6 31. Qxg6 fxg6 32. Be1 Qg4+ 33. Kf1
Qe6 34. Rd4 Qg4 35. Ne5 Qh3+ 36. Ke2 Qg2+ 37. Kd3 Rc8 38. Rc1 Ra8 39. Rxe4 Qf1+
40. Kc3 Rxa6 41. Rc4 Ra8 42. Kb3 Qh3 43. Rc6 g5 44. Bc3 h5 45. Rc7 Qg2 46. Rc2
Qf1 47. Ng6 Qb1+ 48. Kc4 Qf1+ 49. Kc5 Kh7 50. Rxg7+ Kh6 51. fxg5+ Kxg5 52. Nf8+
1-0

[Event "M.Botvinnik Memorial 2012"]
[Site "St. Petersburg, Russia"]
[Date "2012.08.26"]
[Round "2.36"]
[White "Papadakis, Michalis"]
[Black "Fedoseev, Vladimir"]
[Result "1/2-1/2"]
[WhiteElo "2235"]
[BlackElo "2498"]
[PlyCount "139"]
[EventDate "2012.08.25"]

1. d4 d5 2. c4 c6 3. Nc3 Nf6 4. e3 e6 5. Nf3 Nbd7 6. Bd3 dxc4 7. Bxc4 b5 8. Be2
a6 9. e4 b4 10. e5 bxc3 11. exf6 cxb2 12. fxg7 bxa1=Q 13. gxh8=Q Qa5+ 14. Bd2
Qxd1+ 15. Bxd1 Qf5 16. O-O Bb7 17. d5 Qxd5 18. Qxh7 Ne5 19. Nxe5 Qxe5 20. Bf3
Rd8 21. Re1 Qd6 22. Bg5 Rd7 23. h4 c5 24. Rd1 Qc7 25. Rxd7 Qxd7 26. Qb1 f6 27.
Bxb7 fxg5 28. Bxa6 Qg7 29. h5 Qd4 30. Qg6+ Kd7 31. Qd3 Ke7 32. Qxd4 cxd4 33.
Kf1 g4 34. Be2 g3 35. fxg3 Kf6 36. Bd3 Kg5 37. Bg6 d3 38. Ke1 Bb4+ 39. Kd1 d2
40. a4 Bc3 41. Ke2 Kg4 42. Bf7 Kf5 43. Be8 Kg5 44. Kd1 Bb4 45. g4 Bc3 46. Bc6
Kxg4 47. Bf3+ Kf5 48. Kc2 Ba5 49. g4+ Kg5 50. Bd1 e5 51. Kd3 Kf6 52. Kc4 Kg5
53. Kb5 Bc3 54. a5 e4 55. a6 Bd4 56. Kc4 Ba7 57. Kd5 e3 58. Kc6 Bd4 59. Kb7 Kf4
60. h6 Kg3 61. h7 Kf2 62. a7 e2 63. Bxe2 Kxe2 64. a8=Q d1=Q 65. h8=Q Qb3+ 66.
Kc7 Qc3+ 67. Qc6 Qa5+ 68. Kd6 Qb4+ 69. Kd5 Bxh8 70. Qc4+ 1/2-1/2

[Event "M.Botvinnik Memorial 2012"]
[Site "St. Petersburg, Russia"]
[Date "2012.08.26"]
[Round "2.37"]
[White "Gavrilov, Alexei"]
[Black "Chetverik, Maxim"]
[Result "1-0"]
[WhiteElo "2496"]
[BlackElo "2272"]
[PlyCount "121"]
[EventDate "2012.08.25"]

1. e4 Nf6 2. e5 Nd5 3. d4 d6 4. c4 Nb6 5. exd6 cxd6 6. Nc3 g6 7. Be3 Bg7 8. Rc1
O-O 9. b3 Bf5 10. Be2 Nc6 11. d5 Ne5 12. f4 Ned7 13. Nf3 Nc5 14. O-O Nbd7 15.
Nd4 Nf6 16. Nxf5 gxf5 17. Qc2 Qd7 18. Bf3 Rfc8 19. b4 Na6 20. Qb3 Ng4 21. Bxg4
fxg4 22. f5 Be5 23. Ne4 f6 24. b5 Nc5 25. Nxc5 dxc5 26. Qd1 Kh8 27. Qxg4 a6 28.
b6 Rg8 29. Qh4 Rac8 30. Rf3 Qa4 31. Rh3 Rg7 32. Bh6 Rcg8 33. Bxg7+ Rxg7 34. a3
Bb2 35. Re1 Bd4+ 36. Kh1 Qxc4 37. Rg3 Rxg3 38. Qxg3 Be5 39. Qf3 Bd6 40. g3 Qb5
41. Re4 Qxb6 42. Rh4 Qb1+ 43. Kg2 Qc2+ 44. Kh3 Qc1 45. Qe2 b5 46. Rg4 c4 47. a4
Be5 48. Qf2 c3 49. Qc5 Qh6+ 50. Kg2 Qd2+ 51. Kh3 Qh6+ 52. Rh4 Qf8 53. axb5 axb5
54. Qxb5 Qc8 55. Qf1 Qe8 56. Qd3 Qc8 57. Rc4 Qe8 58. Qf3 Qg8 59. Kg2 Qe8 60.
Rc6 Qf7 61. Kh3 1-0

[Event "M.Botvinnik Memorial 2012"]
[Site "St. Petersburg, Russia"]
[Date "2012.08.26"]
[Round "2.38"]
[White "Andrenko, Irina"]
[Black "Cherniaev, Alexander"]
[Result "0-1"]
[WhiteElo "2228"]
[BlackElo "2486"]
[PlyCount "120"]
[EventDate "2012.08.25"]

1. e4 c6 2. d4 d5 3. Nc3 a6 4. e5 Bf5 5. Nce2 e6 6. Ng3 Bg6 7. h4 h6 8. h5 Bh7
9. Bd3 Bxd3 10. Qxd3 c5 11. c3 Nc6 12. N1e2 cxd4 13. cxd4 Qa5+ 14. Kf1 Qb5 15.
Qd1 Bb4 16. Rh4 Nge7 17. Rg4 Rg8 18. Kg1 Ba5 19. Qc2 Kd7 20. a3 Rac8 21. Qd1
Na7 22. Rf4 Ke8 23. Rf3 Bd8 24. a4 Qd7 25. b3 Nec6 26. Qd3 Rh8 27. Bd2 Be7 28.
Nf1 Nb4 29. Bxb4 Bxb4 30. Rg3 Bf8 31. Ne3 Nc6 32. f4 Nb4 33. Qd2 Kd8 34. Rf1
Kc7 35. f5 Kb8 36. Rgf3 Nc6 37. fxe6 fxe6 38. Rf7 Be7 39. Qd3 Qe8 40. Qg6 Bg5
41. Ng4 Rg8 42. Qh7 Ka8 43. Qb1 Nd8 44. R7f3 Qxh5 45. Nf2 Nc6 46. Nd3 Qg4 47.
Nf2 Qh5 48. Nd3 Qh4 49. Ndf4 Bxf4 50. Rxf4 Qe7 51. Qg6 Rc7 52. R1f3 Rgc8 53.
Qg3 Qb4 54. Qf2 Na5 55. Rf8 Nxb3 56. R3f7 Rxf8 57. Rxf8+ Ka7 58. Re8 Rc2 59.
Rxe6 Qd2 60. Qf8 Qxe2 0-1

[Event "M.Botvinnik Memorial 2012"]
[Site "St. Petersburg, Russia"]
[Date "2012.08.26"]
[Round "2.39"]
[White "Pashinsky, Mikhail"]
[Black "Kalegin, Evgenij"]
[Result "0-1"]
[WhiteElo "2220"]
[BlackElo "2480"]
[PlyCount "106"]
[EventDate "2012.08.25"]

1. d4 Nf6 2. Nc3 d5 3. Bg5 c5 4. e3 e6 5. Nf3 Nc6 6. Bb5 a6 7. Bxc6+ bxc6 8.
O-O cxd4 9. exd4 c5 10. Re1 Bb7 11. Na4 Rc8 12. dxc5 Bxc5 13. Nxc5 Rxc5 14. Qd4
Rc4 15. Qa7 Qa8 16. Qxa8+ Bxa8 17. c3 Ne4 18. Be3 f6 19. Nd2 Nxd2 20. Bxd2 Kf7
21. b3 Rc6 22. f3 g5 23. Kf2 Rg8 24. h3 h5 25. Rac1 e5 26. g3 Re6 27. h4 Kg6
28. Re2 gxh4 29. gxh4 Kf5 30. Rg1 Rxg1 31. Kxg1 d4 32. Kf2 Rd6 33. c4 Rd8 34.
Re1 Rg8 35. b4 Bc6 36. Ra1 e4 37. fxe4+ Kxe4 38. b5 axb5 39. cxb5 Bxb5 40. Re1+
Kd3 41. Bf4 Rg4 42. Rd1+ Ke4 43. Bg3 d3 44. Bc7 Rxh4 45. Rb1 Bc4 46. Re1+ Kf5
47. a3 Rg4 48. Rh1 h4 49. Ke3 Re4+ 50. Kd2 Re2+ 51. Kc1 Rc2+ 52. Kd1 Bb3 53.
Rf1+ Rf2+ 0-1

[Event "M.Botvinnik Memorial 2012"]
[Site "St. Petersburg, Russia"]
[Date "2012.08.26"]
[Round "2.40"]
[White "Bukavshin, Ivan"]
[Black "Toivonen, Alexander V"]
[Result "1-0"]
[WhiteElo "2476"]
[BlackElo "2250"]
[PlyCount "67"]
[EventDate "2012.08.25"]

1. Nf3 d5 2. c4 c6 3. e3 Nf6 4. Nc3 a6 5. d4 b5 6. b3 Bg4 7. h3 Bxf3 8. Qxf3 e6
9. Bd2 Nbd7 10. Bd3 Be7 11. O-O O-O 12. Rfd1 b4 13. Na4 a5 14. Rac1 Rc8 15. Rc2
Nb6 16. Nb2 c5 17. dxc5 Rxc5 18. e4 d4 19. Bf1 Nbd7 20. Nd3 Ne5 21. Nxe5 Rxe5
22. Bf4 Rxe4 23. Bg3 Bc5 24. Bd3 Qa8 25. Bf4 Rxf4 26. Qxf4 Qc6 27. Re2 Rd8 28.
Qh4 Be7 29. Bxh7+ Nxh7 30. Qxe7 Re8 31. Qa7 e5 32. Qxa5 Qd6 33. f4 e4 34. Rxe4
1-0

[Event "M.Botvinnik Memorial 2012"]
[Site "St. Petersburg, Russia"]
[Date "2012.08.26"]
[Round "2.41"]
[White "Zimmermann, Ulrich"]
[Black "Kharchenko, Boris"]
[Result "1/2-1/2"]
[WhiteElo "2219"]
[BlackElo "2476"]
[PlyCount "49"]
[EventDate "2012.08.25"]

1. d4 d5 2. Nf3 Nf6 3. c4 c6 4. Nc3 dxc4 5. a4 Bf5 6. Ne5 Nbd7 7. Nxc4 Qc7 8.
g3 e5 9. dxe5 Nxe5 10. Bf4 Nfd7 11. a5 f6 12. Bg2 Nc5 13. O-O Rd8 14. Qc1 Nb3
15. Bxe5 fxe5 16. Qg5 Be6 17. Nxe5 Nxa1 18. Rxa1 a6 19. Qe3 Qd6 20. Nxc6 bxc6
21. Bh3 Kd7 22. Qa7+ Ke8 23. Qe3 Kd7 24. Qa7+ Ke8 25. Qe3 1/2-1/2

[Event "M.Botvinnik Memorial 2012"]
[Site "St. Petersburg, Russia"]
[Date "2012.08.26"]
[Round "2.42"]
[White "Matsenko, Sergei"]
[Black "Bronnikova, Elizaveta"]
[Result "1-0"]
[WhiteElo "2468"]
[BlackElo "2238"]
[PlyCount "55"]
[EventDate "2012.08.25"]

1. e4 c5 2. Nf3 Nc6 3. d4 cxd4 4. Nxd4 Qc7 5. Nc3 e6 6. Be2 a6 7. O-O b5 8.
Nxc6 Qxc6 9. Bf3 Bb7 10. Bf4 Ne7 11. Bd6 Rc8 12. Qd4 Ba8 13. Rfd1 f6 14. a4 e5
15. Qd3 bxa4 16. Rxa4 Bb7 17. Bg4 f5 18. Bf3 f4 19. Bxe5 Ng6 20. Bh5 Bc5 21.
Bxg7 Rg8 22. Bd4 Qe6 23. f3 Ke7 24. Bxc5+ Rxc5 25. Bg4 Ne5 26. Bxe6 Nxd3 27.
Bxg8 Nxb2 28. Rb1 1-0

[Event "M.Botvinnik Memorial 2012"]
[Site "St. Petersburg, Russia"]
[Date "2012.08.26"]
[Round "2.43"]
[White "Kopylov, Alexander A"]
[Black "Ganichev, Alexander"]
[Result "1/2-1/2"]
[WhiteElo "2449"]
[BlackElo "2227"]
[PlyCount "94"]
[EventDate "2012.08.25"]

1. Nf3 d5 2. c4 d4 3. e3 Nc6 4. exd4 Nxd4 5. Nxd4 Qxd4 6. d3 e5 7. Nc3 Ne7 8.
Be2 g6 9. Be3 Qd7 10. g4 Bg7 11. h4 h6 12. Qd2 b6 13. Bf3 Nc6 14. O-O-O Bb7 15.
Bg2 O-O-O 16. Bh3 f5 17. gxf5 gxf5 18. Rhg1 Kb8 19. Nd5 Rdf8 20. f4 Nd4 21.
Bxd4 exd4 22. Rde1 Re8 23. Qg2 Bxd5 24. Qxd5 Qxd5 25. cxd5 Rxe1+ 26. Rxe1 Rf8
27. h5 Bf6 28. Re6 Bh4 29. Rxh6 Bg3 30. Rg6 Bxf4+ 31. Kc2 a5 32. h6 Rh8 33. h7
Rxh7 34. Rg8+ Ka7 35. Bxf5 Rh2+ 36. Kb3 b5 37. a4 Bc1 38. axb5 Rxb2+ 39. Kc4
Rb4+ 40. Kc5 Bf4 41. d6 Bxd6+ 42. Kc6 a4 43. Be6 Rb2 44. Rg1 Rc2+ 45. Bc4 Rb2
46. Rc1 a3 47. Bd5 Rb4 1/2-1/2

[Event "M.Botvinnik Memorial 2012"]
[Site "St. Petersburg, Russia"]
[Date "2012.08.26"]
[Round "2.44"]
[White "Gorjunov, Sergey"]
[Black "Chekhov, Sergei"]
[Result "0-1"]
[WhiteElo "2128"]
[BlackElo "2444"]
[PlyCount "136"]
[EventDate "2012.08.25"]

1. c4 Nf6 2. Nc3 c5 3. Nf3 e6 4. g3 b6 5. Bg2 Bb7 6. O-O Be7 7. Re1 d6 8. e4 a6
9. d4 cxd4 10. Nxd4 Qc8 11. Be3 Nbd7 12. f4 O-O 13. Rc1 Ra7 14. f5 e5 15. Nd5
Qd8 16. Nc2 a5 17. Na3 Bxd5 18. cxd5 Nc5 19. Nb5 Ra8 20. Nc3 Ne8 21. Na4 Rc8
22. a3 b5 23. Nxc5 dxc5 24. Qe2 c4 25. a4 Bc5 26. Bxc5 Rxc5 27. Qf2 Qc7 28.
axb5 Rxb5 29. Re2 Nd6 30. f6 Qb6 31. Qxb6 Rxb6 32. Ra1 Rb5 33. fxg7 Kxg7 34.
Ra2 Rc8 35. Rc2 Rcc5 36. Kf2 Kg6 37. Ra3 Rb4 38. Ke3 Rcb5 39. Ra2 Rb3+ 40. Kd2
f5 41. exf5+ Kxf5 42. Kc1 e4 43. Bh3+ Ke5 44. Be6 e3 45. Kd1 Kd4 46. Ke2 Rb8
47. Rxa5 Rxb2 48. Ra2 Rxc2+ 49. Rxc2 Rf8 50. Ke1 Kd3 51. Ra2 Rb8 52. Ra1 c3 53.
Rd1+ Kc4 54. Ke2 c2 55. Rc1 Kc3 56. Kxe3 Rb1 57. Rxc2+ Kxc2 58. Kd4 Kd2 59. Ke5
Rb6 60. g4 Ke3 61. g5 Nc4+ 62. Kf6 Kf4 63. h4 Ne3 64. Kg7 Rb7+ 65. Kf6 Ng4+ 66.
Bxg4 Kxg4 67. g6 Rb6+ 68. Kg7 hxg6 0-1

[Event "M.Botvinnik Memorial 2012"]
[Site "St. Petersburg, Russia"]
[Date "2012.08.26"]
[Round "2.45"]
[White "Malakhov, Igor"]
[Black "Kharmunova, Nadezhda"]
[Result "1-0"]
[WhiteElo "2442"]
[BlackElo "2219"]
[PlyCount "91"]
[EventDate "2012.08.25"]

1. e4 c5 2. Nf3 Nc6 3. d4 cxd4 4. Nxd4 Qb6 5. Nb3 Nf6 6. Nc3 e6 7. Qe2 Bb4 8.
Bd2 O-O 9. O-O-O d5 10. exd5 exd5 11. a3 Re8 12. Nxd5 Rxe2 13. Nxb6 Rxd2 14.
Nxa8 Rxd1+ 15. Kxd1 Bd6 16. Bb5 Bd7 17. Ke2 Kf8 18. Rd1 Ke7 19. a4 Ne8 20. Nd4
Kd8 21. Nxc6+ bxc6 22. Bc4 Be6 23. Bxe6 fxe6 24. Rd3 Kc8 25. Rb3 Nf6 26. a5 Nd5
27. g3 Nb4 28. c3 Na6 29. Nb6+ axb6 30. Rxb6 Nc7 31. Rxc6 Kd7 32. Rc4 Kc8 33.
Kd3 Kb7 34. b4 h6 35. Re4 Kc6 36. Kc4 e5 37. Re2 Nb5 38. h4 h5 39. Kd3 Bb8 40.
Re4 Bd6 41. c4 Nd4 42. b5+ Kc5 43. f4 Nf5 44. a6 Kb6 45. c5+ Bxc5 46. Rxe5 1-0

[Event "M.Botvinnik Memorial 2012"]
[Site "St. Petersburg, Russia"]
[Date "2012.08.26"]
[Round "2.46"]
[White "Saveliev, Alexei"]
[Black "Gordievsky, Dmitry"]
[Result "1-0"]
[WhiteElo "2081"]
[BlackElo "2437"]
[PlyCount "93"]
[EventDate "2012.08.25"]

1. e4 c5 2. Nf3 d6 3. d4 cxd4 4. Nxd4 Nf6 5. Nc3 a6 6. Be2 g6 7. O-O Bg7 8. Be3
O-O 9. f4 Nbd7 10. Bf3 e5 11. Nde2 exf4 12. Nxf4 Ne5 13. Be2 Be6 14. Qd2 Qc7
15. Bd4 Rad8 16. Kh1 Qc6 17. Nxe6 fxe6 18. Bxe5 dxe5 19. Qe3 Rd4 20. Bd3 Rf7
21. Qg5 Qc7 22. Rf3 Rd8 23. Raf1 Rdf8 24. Nd1 Qc5 25. c3 Qd6 26. Bc2 b5 27. Qe3
h6 28. Nf2 Nh5 29. Nd3 Rxf3 30. Rxf3 Rd8 31. Rf1 g5 32. Rd1 Qf8 33. g3 Nf6 34.
Bb3 Rd6 35. Rf1 Qa8 36. Nc5 Qc6 37. h3 Kh7 38. Kh2 Qe8 39. Rd1 Qh5 40. Qe1 Rc6
41. Bxe6 Rxc5 42. Rd8 Bh8 43. g4 Qh4 44. Qf1 Rc7 45. Rf8 h5 46. Qf5+ Kh6 47.
Rxf6+ 1-0